| Tag |
First Indicator |
Second Indicator |
Subfields |
| LEADER |
00000cam a22000001i 4500 |
| 001 |
in00003972513 |
| 006 |
m d f |
| 007 |
cr bn mmmapmmp |
| 008 |
390725s1939 dcu o f000 0 eng d |
| 005 |
20250211001609.1 |
| 035 |
|
|
|a ebd1933004814
|
| 040 |
|
|
|a UMI
|c UMI
|e rda
|d UtOrBLW
|
| 086 |
0 |
|
|a Y 3.N 21/5:6/708
|
| 099 |
|
|
|a Y3.N21_5..6_708
|
| 110 |
1 |
|
|a United States.
|b National Advisory Committee for Aeronautics.
|0 http://id.loc.gov/authorities/names/n79060141
|
| 245 |
1 |
2 |
|a A simplified method for the calculation of airfoil pressure distribution.
|
| 264 |
|
1 |
|a [Washington] :
|b [s.n.],
|c 1939.
|
| 300 |
|
|
|a 1 online resource (17 pages), digital, PDF file
|
| 336 |
|
|
|a text
|b txt
|2 rdacontent
|
| 337 |
|
|
|a computer
|b c
|2 rdamedia
|
| 338 |
|
|
|a online resource
|b cr
|2 rdacarrier
|
| 500 |
|
|
|a Includes mathematical equations, references, a table, and graphs.
|
| 533 |
|
|
|a Electronic reproduction.
|b [Bethesda, Md.] :
|c ProQuest,
|d 2016
|e digital, PDF file.
|n ProQuest U.S. Executive Branch Documents
|n Mode of access: World Wide Web via ProQuest website.
|
| 588 |
|
|
|a Record is based on online resource; title from PDF title page (ProQuest, last viewed July 2016). Reuse except for individual research requires license from ProQuest, LLC.
|
| 650 |
|
0 |
|a Airplanes.
|0 http://id.loc.gov/authorities/subjects/sh85002782
|
| 650 |
|
0 |
|a Aeronautics
|x Research.
|0 http://id.loc.gov/authorities/subjects/sh85001350
|
| 856 |
4 |
0 |
|u http://proxy.library.tamu.edu/login?url=http://congressional.proquest.com/congressional/docview/t66.d71.y3.n21_5..6_708?
|y Electronic resource (PDF)
|t 0
|
| 999 |
f |
f |
|s bd18f62b-d867-3ec1-81c2-4512a6c01964
|i 2244e3e5-5ed2-3767-b5dd-f5d4a916ebe4
|t 0
|
| 952 |
f |
f |
|a Texas A&M University
|b College Station
|c Electronic Resources
|d Available Online
|t 0
|h No information provided
|
| 998 |
f |
f |
|t 0
|l Available Online
|